Über die Verschwelung von Lignin (mit besonderer Berücksichtigung von Schollerlignin) (Record no. 6470)
[ view plain ]
| 000 -LEADER | |
|---|---|
| fixed length control field | 00770cam a22002411 4500 |
| 001 - CONTROL NUMBER | |
| control field | af 49000068 |
| 003 - CONTROL NUMBER IDENTIFIER | |
| control field | DLC |
| 005 - DATE AND TIME OF LATEST TRANSACTION | |
| control field | 20260227110913.0 |
| 008 - FIXED-LENGTH DATA ELEMENTS--GENERAL INFORMATION | |
| fixed length control field | 940214s1944 sz a 000 0 ger c |
| 010 ## - LIBRARY OF CONGRESS CONTROL NUMBER | |
| LC control number | af 49000068 |
| 035 ## - SYSTEM CONTROL NUMBER | |
| System control number | (OCoLC)29813902 |
| 040 ## - CATALOGING SOURCE | |
| Original cataloging agency | Illinois. Univ. Library |
| Transcribing agency | CU |
| Modifying agency | DLC |
| 042 ## - AUTHENTICATION CODE | |
| Authentication code | premarc |
| 050 00 - LIBRARY OF CONGRESS CALL NUMBER | |
| Classification number | TS1176 |
| Item number | .S4 |
| 100 1# - MAIN ENTRY--PERSONAL NAME | |
| Personal name | Schrameck, Henri, |
| Dates associated with a name | 1918- |
| 245 00 - TITLE STATEMENT | |
| Title | Über die Verschwelung von Lignin (mit besonderer Berücksichtigung von Schollerlignin) |
| 260 ## - PUBLICATION, DISTRIBUTION, ETC. | |
| Place of publication, distribution, etc. | Zürich, |
| Name of publisher, distributor, etc. | Dissertations-Druckerei Gebr. Leemann, |
| Date of publication, distribution, etc. | 1944. |
| 300 ## - PHYSICAL DESCRIPTION | |
| Extent | 76 p. |
| Other physical details | illus. |
| Dimensions | 23 cm. |
| 502 ## - DISSERTATION NOTE | |
| Dissertation note | Promotionsarbeit--Eidgenössische Technische Hochschule, Zürich. |
| 500 ## - GENERAL NOTE | |
| General note | Lebenslauf. |
| 650 #0 - SUBJECT ADDED ENTRY--TOPICAL TERM | |
| Topical term or geographic name entry element | Lignin. |
| 650 #0 - SUBJECT ADDED ENTRY--TOPICAL TERM | |
| Topical term or geographic name entry element | Distillation, Destructive. |
No items available.